[Event "Oberliga Nord N 2223"]
[Site "Germany"]
[Date "2023.03.19"]
[Round "7.1"]
[White "Schmid, Thomas"]
[Black "Schulenburg, Fabian"]
[Result "0-1"]
[WhiteElo "2201"]
[BlackElo "2317"]
[PlyCount "72"]
[EventDate "2022.10.23"]
[EventType "team-tourn"]
[EventRounds "9"]
[EventCountry "GER"]
[SourceTitle "EXT 2025"]
[Source "ChessBase"]
[SourceDate "2024.10.14"]
[SourceVersion "1"]
[SourceVersionDate "2024.10.14"]
[SourceQuality "1"]
[WhiteTeam "Bad Schwartau"]
[BlackTeam "Hamburg Diogenes"]
[WhiteTeamCountry "GER"]
[BlackTeamCountry "GER"]

1. d4 d5 2. Bf4 c5 3. e3 Nc6 4. c3 Nf6 5. Nd2 Bf5 6. Qb3 Qd7 7. Bb5 a6 8. Bxc6 Qxc6 9. dxc5 Nd7 10. Ngf3 Nxc5 11. Qd1 Nd3+ 12. Kf1 Nxb2 13. Qb3 Nc4 14. Rd1 Nxd2+ 15. Rxd2 Qc4+ 16. Qxc4 dxc4 17. Ne5 Rc8 18. g4 Be6 19. h3 f6 20. Nf3 g5 21. Bg3 h5 22. Nd4 Bd5 23. Rg1 e5 24. Nf5 Bf3 25. h4 Bxg4 26. Nd6+ Bxd6 27. Rxd6 Ke7 28. Rb6 Bf3 29. hxg5 Rcd8 30. gxf6+ Kf7 31. Rb1 h4 32. Bxe5 h3 33. Bh2 Rd2 34. Rg3 Be4 35. Rb6 Rhd8 36. Rg7+ Kf8 0-1

[Event "Oberliga Nord N 2223"]
[Site "Germany"]
[Date "2023.02.05"]
[Round "5.1"]
[White "Schmid, Thomas"]
[Black "Pedersen, Steffen"]
[Result "0-1"]
[WhiteElo "2201"]
[BlackElo "2340"]
[PlyCount "92"]
[EventDate "2022.10.23"]
[EventType "team-tourn"]
[EventRounds "9"]
[EventCountry "GER"]
[SourceTitle "EXT 2025"]
[Source "ChessBase"]
[SourceDate "2024.10.14"]
[SourceVersion "1"]
[SourceVersionDate "2024.10.14"]
[SourceQuality "1"]
[WhiteTeam "Bad Schwartau"]
[BlackTeam "Preetz"]
[WhiteTeamCountry "GER"]
[BlackTeamCountry "GER"]

1. d4 Nf6 2. Bf4 e6 3. e3 c5 4. c3 Be7 5. Bd3 b6 6. h3 Ba6 7. Nf3 Qc8 8. 0-0 0-0 9. a4 Bxd3 10. Qxd3 Qb7 11. Nbd2 cxd4 12. exd4 d6 13. Rfe1 Nbd7 14. Ng5 Rfd8 15. Nde4 Nf8 16. Qf3 d5 17. Nxf6+ gxf6 18. Nxf7 Kxf7 19. Qh5+ Kg8 20. Bh6 Qd7 21. Qg4+ Ng6 22. Rxe6 Bf8 23. Bxf8 Rxf8 24. Rxf6 Qxg4 25. Rxf8+ Rxf8 26. hxg4 Nf4 27. Rd1 Re8 28. g3 Nh3+ 29. Kf1 Ng5 30. a5 b5 31. Rd3 Ne4 32. Re3 Rf8 33. f4 Rc8 34. Ke2 b4 35. cxb4 Rc2+ 36. Ke1 Rxb2 37. a6 Rxb4 38. Rd3 Rb1+ 39. Ke2 Rb2+ 40. Ke1 Kf7 41. Ra3 h6 42. g5 hxg5 43. fxg5 Nxg5 44. Rc3 Ne6 45. Rc6 Ke7 46. Rc8 Rb6 0-1

[Event "Oberliga Nord N 2223"]
[Site "Germany"]
[Date "2023.01.15"]
[Round "4.1"]
[White "Zart, Ruediger"]
[Black "Schmid, Thomas"]
[Result "1-0"]
[WhiteElo "2134"]
[BlackElo "2201"]
[PlyCount "89"]
[EventDate "2022.10.23"]
[EventType "team-tourn"]
[EventRounds "9"]
[EventCountry "GER"]
[SourceTitle "EXT 2025"]
[Source "ChessBase"]
[SourceDate "2024.10.14"]
[SourceVersion "1"]
[SourceVersionDate "2024.10.14"]
[SourceQuality "1"]
[WhiteTeam "Johanneum Eppendorf"]
[BlackTeam "Bad Schwartau"]
[WhiteTeamCountry "GER"]
[BlackTeamCountry "GER"]

1. c4 Nf6 2. g3 g6 3. Bg2 Bg7 4. Nf3 0-0 5. 0-0 c5 6. Nc3 Nc6 7. d4 cxd4 8. Nxd4 Nxd4 9. Qxd4 d6 10. Qd2 Be6 11. Bxb7 Rb8 12. Bf3 Bxc4 13. b3 Be6 14. Bb2 Qa5 15. Rfd1 Qb4 16. Nd5 Nxd5 17. Bxg7 Kxg7 18. Bxd5 Qxd2 19. Rxd2 Rfc8 20. Bxe6 fxe6 21. Kf1 g5 22. Ke1 Kf6 23. Kd1 d5 24. Rc1 Rxc1+ 25. Kxc1 Ke5 26. Rd3 Rf8 27. f3 d4 28. b4 Rf6 29. Kd2 Rh6 30. g4 Kd5 31. Ra3 Rxh2 32. Rxa7 Kd6 33. Ra6+ Kd5 34. Ra5+ Kc4 35. Ra7 h5 36. gxh5 Rxh5 37. Rxe7 Kxb4 38. Rxe6 Kc4 39. Rc6+ Kd5 40. Ra6 Kc4 41. Ra4+ Kc5 42. Kd3 Rh1 43. Rc4+ Kd5 44. Rxd4+ Ke5 45. Ra4 1-0

[Event "Oberliga Nord N 2223"]
[Site "Germany"]
[Date "2022.10.23"]
[Round "1.1"]
[White "Schmid, Thomas"]
[Black "Zimmermann, Julian"]
[Result "1/2-1/2"]
[WhiteElo "2201"]
[BlackElo "2298"]
[PlyCount "46"]
[EventDate "2022.10.23"]
[EventType "team-tourn"]
[EventRounds "9"]
[EventCountry "GER"]
[SourceTitle "EXT 2025"]
[Source "ChessBase"]
[SourceDate "2024.10.14"]
[SourceVersion "1"]
[SourceVersionDate "2024.10.14"]
[SourceQuality "1"]
[WhiteTeam "Bad Schwartau"]
[BlackTeam "Hamburg Koenigsspringer"]
[WhiteTeamCountry "GER"]
[BlackTeamCountry "GER"]

1. d4 Nf6 2. Bf4 e6 3. e3 c5 4. c3 Nc6 5. Nf3 d5 6. Nbd2 Be7 7. Bd3 Nh5 8. Be5 f6 9. Bg3 g6 10. 0-0 0-0 11. dxc5 Bxc5 12. c4 Kg7 13. Rc1 Bb6 14. Nb3 Qe7 15. a3 dxc4 16. Bxc4 e5 17. Be2 Nxg3 18. hxg3 Bf5 19. Bb5 Rfd8 20. Nfd2 Rac8 21. Qe2 h5 22. Rfd1 Na5 23. Nxa5 Rxc1 1/2-1/2

[Event "Niederoesterreich Landesliga 1617"]
[Site "Austria"]
[Date "2016.10.23"]
[Round "2.4"]
[White "Schmidt, Karl"]
[Black "Schmid, Thomas"]
[Result "0-1"]
[WhiteElo "2018"]
[BlackElo "2110"]
[PlyCount "112"]
[EventDate "2016.10.02"]
[EventType "team-tourn"]
[EventRounds "11"]
[EventCountry "AUT"]
[SourceTitle "EXT 2018"]
[Source "ChessBase"]
[SourceDate "2017.10.13"]
[SourceVersion "1"]
[SourceVersionDate "2017.10.13"]
[SourceQuality "1"]
[WhiteTeam "Krems Voest"]
[BlackTeam "Stockerau"]
[WhiteTeamCountry "AUT"]
[BlackTeamCountry "AUT"]

1. Nf3 Nf6 2. c4 g6 3. Nc3 Bg7 4. d4 0-0 5. g3 d6 6. Bg2 Nbd7 7. 0-0 e5 8. dxe5 dxe5 9. Bg5 h6 10. Bxf6 Qxf6 11. Nd5 Qd8 12. e4 c6 13. Nc3 Qe7 14. Nd2 Nc5 15. Qe2 Ne6 16. Nb3 a5 17. a4 Qb4 18. Ra3 Rd8 19. Na2 Qb6 20. Nac1 Bf8 21. Ra1 Qb4 22. Qc2 Nd4 23. Nxd4 Rxd4 24. Nd3 Qxc4 25. Qxc4 Rxc4 26. Nxe5 Rb4 27. Nd3 Rb3 28. Rfd1 Bg4 29. f3 Be6 30. Bf1 Re8 31. Rd2 Rd8 32. Rad1 Bb4 33. Rc2 c5 34. Kg2 Kg7 35. Nf2 Rc8 36. Rd3 Be1 37. Nd1 Rxd3 38. Bxd3 Bb3 39. Re2 Bxd1 40. Rxe1 Bxa4 41. Bc4 Rd8 42. Bd5 b6 43. b3 Bb5 44. Ra1 Rd6 45. Kf2 Bc6 46. Rd1 Kf6 47. f4 Ke7 48. Ke3 Bxd5 49. exd5 f5 50. Rd3 Rd7 51. Kd2 Kd6 52. Kc3 b5 53. Rd2 Ra7 54. h4 h5 55. Rd1 Re7 56. Rd3 Re2 0-1

[Event "Niederoesterreich Landesliga 1516"]
[Site "Austria"]
[Date "2015.11.08"]
[Round "3.3"]
[White "Lechner, Daniel"]
[Black "Schmid, Thomas"]
[Result "1-0"]
[WhiteElo "2232"]
[BlackElo "2114"]
[PlyCount "53"]
[EventDate "2015.09.27"]
[EventType "team-tourn"]
[EventRounds "11"]
[EventCountry "AUT"]
[SourceTitle "CBM 170 Extra"]
[Source "ChessBase"]
[SourceDate "2016.02.25"]
[SourceVersion "1"]
[SourceVersionDate "2016.02.25"]
[SourceQuality "1"]
[WhiteTeam "Bad Voeslau/Kottingbrunn"]
[BlackTeam "Stockerau II"]
[WhiteTeamCountry "AUT"]
[BlackTeamCountry "AUT"]

1. d4 Nf6 2. c4 g6 3. Nc3 Bg7 4. e4 d6 5. Nf3 0-0 6. h3 Na6 7. Be3 e5 8. d5 Nd7 9. g4 f5 10. gxf5 gxf5 11. Rg1 Kh8 12. Ng5 Nf6 13. Qe2 h6 14. Nf3 fxe4 15. Nh4 Kh7 16. Bg2 Nc5 17. Bxc5 dxc5 18. Nxe4 Nxe4 19. Bxe4+ Kg8 20. Ng6 Rf6 21. 0-0-0 Bf5 22. f3 Qd6 23. Bxf5 Rxf5 24. Qe4 Rf6 25. Rg3 Re8 26. Rdg1 Rf7 27. f4 1-0

[Event "Niederoesterreich Landesliga 1516"]
[Site "Austria"]
[Date "2015.10.04"]
[Round "2.3"]
[White "Schmid, Thomas"]
[Black "Mlynek, Petr"]
[Result "1/2-1/2"]
[WhiteElo "2114"]
[BlackElo "2197"]
[PlyCount "97"]
[EventDate "2015.09.27"]
[EventType "team-tourn"]
[EventRounds "11"]
[EventCountry "AUT"]
[SourceTitle "CBM 170 Extra"]
[Source "ChessBase"]
[SourceDate "2016.02.25"]
[SourceVersion "1"]
[SourceVersionDate "2016.02.25"]
[SourceQuality "1"]
[WhiteTeam "Stockerau II"]
[BlackTeam "Zwettl"]
[WhiteTeamCountry "AUT"]
[BlackTeamCountry "AUT"]

1. e4 c6 2. Nc3 d5 3. Nf3 Bg4 4. h3 Bxf3 5. Qxf3 Nf6 6. d4 dxe4 7. Qe3 e6 8. Nxe4 Be7 9. Be2 Nbd7 10. 0-0 Nxe4 11. Qxe4 Nf6 12. Qd3 0-0 13. Rd1 Qb6 14. Qb3 Rfd8 15. c3 c5 16. Qxb6 axb6 17. dxc5 bxc5 18. Bd2 b6 19. a4 Ra7 20. Kf1 h6 21. Ke1 Ne4 22. Be3 Rxd1+ 23. Kxd1 Bg5 24. Kc2 Bxe3 25. fxe3 Kf8 26. b4 cxb4 27. cxb4 Ke7 28. Kd3 f5 29. Bf3 Nd6 30. h4 e5 31. Bc6 Kd8 32. Kc3 Rc7 33. b5 Ke7 34. Kb4 Nc8 35. a5 bxa5+ 36. Rxa5 Kd6 37. Ra6 Ra7 38. Rxa7 Nxa7 39. Be8 Nc8 40. g3 g5 41. hxg5 hxg5 42. Ka5 Kc5 43. Ka6 Nb6 44. Bg6 f4 45. exf4 exf4 46. gxf4 gxf4 47. Bh5 Nd5 48. Ka5 Nb6 49. Ka6 1/2-1/2

[Event "AUT-chT2O 1415"]
[Site "Austria"]
[Date "2015.03.08"]
[Round "11.2"]
[White "Schmid, Thomas"]
[Black "Wiedner, Robert"]
[Result "0-1"]
[WhiteElo "2193"]
[BlackElo "2183"]
[PlyCount "86"]
[EventDate "2014.10.18"]
[EventType "team-tourn"]
[EventRounds "11"]
[EventCountry "AUT"]
[SourceTitle "EXT 2016"]
[Source "ChessBase"]
[SourceDate "2015.10.08"]
[SourceVersion "1"]
[SourceVersionDate "2015.10.08"]
[SourceQuality "1"]
[WhiteTeam "Stockerau"]
[BlackTeam "Mattersburg"]
[WhiteTeamCountry "AUT"]
[BlackTeamCountry "AUT"]

1. e4 Nf6 2. e5 Nd5 3. d4 d6 4. c4 Nb6 5. exd6 exd6 6. Nf3 Bf5 7. Be2 c6 8. 0-0 Be7 9. Nc3 d5 10. c5 N6d7 11. Bf4 Nf8 12. h3 Ne6 13. Bh2 0-0 14. Bd3 Bxd3 15. Qxd3 Nd7 16. b4 Bf6 17. Rab1 a6 18. a4 g6 19. Bd6 Re8 20. Rb3 Bg7 21. Ra3 Ng5 22. Nd2 Qf6 23. Nb3 b6 24. Raa1 Ne4 25. Nxe4 dxe4 26. Qc2 Qe6 27. Bf4 b5 28. Rfe1 f5 29. Rad1 Qd5 30. Na5 h6 31. Be5 Ra7 32. Bxg7 Kxg7 33. Re2 Nf6 34. Qa2 Qd7 35. Qb3 Nd5 36. Qa3 Re7 37. Ra2 f4 38. Qb2 f3 39. Ra3 fxg2 40. Qd2 e3 41. fxe3 Qxh3 42. Qxg2 Qxg2+ 43. Kxg2 Rxe3 0-1

[Event "Travemuende op 29th"]
[Site "Travemuende"]
[Date "2012.12.28"]
[Round "4"]
[White "Schmid, Thomas"]
[Black "Laqua, Christian"]
[Result "0-1"]
[WhiteElo "2238"]
[BlackElo "2139"]
[PlyCount "46"]
[EventDate "2012.12.27"]
[EventType "swiss"]
[EventRounds "7"]
[EventCountry "GER"]
[SourceTitle "CBM 152 Extra"]
[Source "ChessBase"]
[SourceDate "2013.02.25"]
[SourceVersion "1"]
[SourceVersionDate "2013.02.25"]
[SourceQuality "1"]

1. Nc3 d5 2. e3 Nf6 3. f4 d4 4. exd4 Nc6 5. Bb5 Qxd4 6. Bxc6+ bxc6 7. Qf3 Bb7 8. Nge2 Qd7 9. 0-0 e6 10. d4 0-0-0 11. Be3 c5 12. Qg3 Qc6 13. h3 h5 14. Qf2 h4 15. dxc5 Ng4 16. hxg4 h3 17. Kh2 hxg2+ 18. Kg3 gxf1N+ 19. Rxf1 Be7 20. g5 Rh5 21. Nd4 Qd7 22. Nf3 e5 23. Ng1 Rdh8 0-1

[Event "Bad Godesberg op 16th"]
[Site "Bad Godesberg"]
[Date "2012.07.13"]
[Round "7"]
[White "Schmid, Thomas"]
[Black "Saglam, Buelent"]
[Result "1/2-1/2"]
[WhiteElo "2249"]
[BlackElo "2147"]
[PlyCount "107"]
[EventDate "2012.07.07"]
[EventType "swiss"]
[EventRounds "9"]
[EventCountry "GER"]
[SourceTitle "CBM 149 Extra"]
[Source "ChessBase"]
[SourceDate "2012.08.24"]
[SourceVersion "1"]
[SourceVersionDate "2012.08.24"]
[SourceQuality "1"]

1. Nc3 d5 2. e3 e5 3. Qh5 Qd6 4. d4 exd4 5. exd4 Be6 6. Nf3 Nf6 7. Qe5 Qxe5+ 8. Nxe5 c6 9. Bd3 Nbd7 10. f4 g6 11. 0-0 Bg7 12. Bd2 Nxe5 13. fxe5 Nd7 14. Ne2 Nf8 15. b4 a6 16. a4 Nd7 17. Nf4 Nb6 18. c3 Bd7 19. h4 0-0 20. h5 g5 21. h6 Bxh6 22. Nh5 Be6 23. Nf6+ Kg7 24. Nxh7 Rh8 25. Nxg5 Nc4 26. Bc1 Rag8 27. Ra2 Bxg5 28. Bxg5 Kf8 29. Bf6 Rh3 30. Bxc4 dxc4 31. Rc2 Bd5 32. Rff2 Be4 33. Rce2 Bd5 34. e6 Bxe6 35. Rxe6 fxe6 36. Bg5+ Ke8 37. gxh3 Rxg5+ 38. Kh2 a5 39. Rb2 b5 40. h4 Rh5 41. axb5 Rxb5 42. Kg3 axb4 43. cxb4 Ke7 44. Kf4 Kd6 45. Ke4 c3 46. Rc2 Rxb4 47. Rxc3 e5 48. Rd3 c5 49. h5 cxd4 50. h6 Rb7 51. Ra3 Kc5 52. Kxe5 Rh7 53. Ra5+ Kc4 54. Ra4+ 1/2-1/2

[Event "Bad Godesberg op 16th"]
[Site "Bad Godesberg"]
[Date "2012.07.11"]
[Round "5"]
[White "Schmid, Thomas"]
[Black "Khanukov, Boris"]
[Result "1/2-1/2"]
[WhiteElo "2249"]
[BlackElo "2358"]
[PlyCount "43"]
[EventDate "2012.07.07"]
[EventType "swiss"]
[EventRounds "9"]
[EventCountry "GER"]
[SourceTitle "CBM 149 Extra"]
[Source "ChessBase"]
[SourceDate "2012.08.24"]
[SourceVersion "1"]
[SourceVersionDate "2012.08.24"]
[SourceQuality "1"]

1. Nc3 c5 2. Nf3 Nc6 3. d4 cxd4 4. Nxd4 g6 5. Bg5 Bg7 6. Ndb5 Nf6 7. Nd5 0-0 8. Bxf6 exf6 9. Nd6 f5 10. c3 Be5 11. Nxc8 Rxc8 12. g3 Ne7 13. Bg2 d6 14. e3 Nxd5 15. Bxd5 Qe7 16. 0-0 h5 17. Qd3 Kg7 18. f4 Bf6 19. e4 fxe4 20. Qxe4 Qc7 21. Qf3 Rce8 22. Rae1 1/2-1/2

[Event "Berlin Lichtenberger op 9th"]
[Site "Berlin"]
[Date "2010.08.10"]
[Round "4"]
[White "Schmid, Thomas"]
[Black "Reichenbach, Werner"]
[Result "1/2-1/2"]
[WhiteElo "2268"]
[BlackElo "2269"]
[PlyCount "107"]
[EventDate "2010.08.07"]
[EventType "swiss"]
[EventRounds "9"]
[EventCountry "GER"]
[SourceTitle "CBM 137 Extra"]
[Source "ChessBase"]
[SourceDate "2010.09.01"]
[SourceVersion "1"]
[SourceVersionDate "2010.09.01"]
[SourceQuality "1"]

1. Nc3 e5 2. Nf3 Nc6 3. d4 exd4 4. Nxd4 Bc5 5. Nf5 Qf6 6. e4 Nge7 7. Ne3 d6 8. Bd3 Ne5 9. Be2 c6 10. 0-0 g5 11. Na4 Bb4 12. a3 Ba5 13. f4 gxf4 14. Rxf4 Qe6 15. Qf1 Bd8 16. Rf6 Qd7 17. Nc4 Nxc4 18. Bxc4 d5 19. exd5 Nxd5 20. Rf3 b5 21. Bxd5 Qxd5 22. Nc3 Qc4 23. Qe1+ Be6 24. Rf4 Qc5+ 25. Be3 Qh5 26. Ne4 Be7 27. Qc3 Kd7 28. Bxa7 Rhg8 29. Bf2 Bd5 30. Re1 Qg6 31. Ng3 h5 32. h4 Bd6 33. Rf6 Qg4 34. Rxd6+ Kxd6 35. Qf6+ Be6 36. Ne4+ Kd7 37. Qd4+ Kc8 38. Bg3 Bd5 39. Qe5 Qd7 40. Nd6+ Kc7 41. Nxb5+ Kb6 42. Nd6 Qg4 43. Re3 Qd1+ 44. Kh2 Qxc2 45. Re2 Qd3 46. Ne4 Rxg3 47. Nxg3 Rg8 48. Re3 Qc4 49. Qe7 Rg4 50. Qd8+ Ka6 51. Qc8+ Kb6 52. Qb8+ Ka6 53. Qc8+ Kb6 54. Qb8+ 1/2-1/2

[Event "Berlin Lichtenberger op 9th"]
[Site "Berlin"]
[Date "2010.08.07"]
[Round "1"]
[White "Schmalzried, Volker"]
[Black "Schmid, Thomas"]
[Result "0-1"]
[WhiteElo "1853"]
[BlackElo "2268"]
[PlyCount "106"]
[EventDate "2010.08.07"]
[EventType "swiss"]
[EventRounds "9"]
[EventCountry "GER"]
[SourceTitle "CBM 137 Extra"]
[Source "ChessBase"]
[SourceDate "2010.09.01"]
[SourceVersion "1"]
[SourceVersionDate "2010.09.01"]
[SourceQuality "1"]

1. c4 c5 2. Nc3 Nc6 3. Nf3 g6 4. g3 Bg7 5. Bg2 e6 6. 0-0 Nge7 7. e3 0-0 8. d4 cxd4 9. exd4 d5 10. cxd5 Nxd5 11. Nxd5 Qxd5 12. Ne5 Qxd4 13. Nxc6 bxc6 14. Qxd4 Bxd4 15. Bxc6 Rb8 16. Rb1 Rd8 17. b4 e5 18. b5 Be6 19. a4 Bc4 20. Bg5 Bxf1 21. Bxd8 Bd3 22. Bc7 Rc8 23. Rd1 Bc2 24. Rc1 Bxa4 25. Bd7 Ra8 26. Bc6 Rf8 27. Kg2 Kg7 28. Re1 a6 29. Bd6 Rd8 30. Bxe5+ Bxe5 31. Rxe5 Rb8 32. Re4 Bxb5 33. Bxb5 axb5 34. Rb4 Kf6 35. Kf3 Ke5 36. Ke3 Kd5 37. Kd3 Kc5 38. Re4 Rb7 39. Kc3 Ra7 40. Re5+ Kc6 41. f4 Kb6 42. Kb3 Rd7 43. Kc3 Ka5 44. f5 Ka4 45. g4 b4+ 46. Kb2 Rd2+ 47. Kc1 Rxh2 48. Re7 Rg2 49. Rxf7 Rxg4 50. f6 Rf4 51. Rf8 Kb3 52. f7 g5 53. Kd2 h5 0-1

[Event "Dresden ZMD op"]
[Site "Dresden"]
[Date "2010.07.15"]
[Round "6"]
[White "Schmid, Thomas"]
[Black "Iotov, Valentin"]
[Result "1/2-1/2"]
[WhiteElo "2268"]
[BlackElo "2581"]
[PlyCount "60"]
[EventDate "2010.07.10"]
[EventType "swiss"]
[EventRounds "9"]
[EventCountry "GER"]
[SourceTitle "CBM 137 Extra"]
[Source "ChessBase"]
[SourceDate "2010.09.01"]
[SourceVersion "1"]
[SourceVersionDate "2010.09.01"]
[SourceQuality "1"]

1. Nc3 d5 2. e4 c6 3. f4 g6 4. Nf3 Bg7 5. e5 Nh6 6. d4 Qb6 7. Na4 Qa5+ 8. c3 Bg4 9. Be2 Nd7 10. b4 Qc7 11. Be3 a5 12. a3 0-0 13. 0-0 Ra7 14. b5 Nf5 15. Qd2 Nxe3 16. Qxe3 cxb5 17. Bxb5 Nb6 18. Nxb6 Qxb6 19. Rab1 Bf5 20. Bd3 Qc6 21. Rfc1 Bxd3 22. Qxd3 Rc8 23. Nd2 Bh6 24. g3 b6 25. Rb2 e6 26. Qb5 Qxb5 27. Rxb5 Rc6 28. h4 Rac7 29. Nb1 Rc4 30. Rd1 R7c6 1/2-1/2

[Event "Oberliga Nord N 0910"]
[Site "Germany"]
[Date "2010.03.21"]
[Round "8.2"]
[White "Schmid, Thomas"]
[Black "Jaster, Robert"]
[Result "0-1"]
[WhiteElo "2224"]
[BlackElo "2074"]
[PlyCount "58"]
[EventDate "2009.10.18"]
[EventType "team-tourn"]
[EventRounds "9"]
[EventCountry "GER"]
[SourceTitle "EXT 2011"]
[Source "ChessBase"]
[SourceDate "2010.11.26"]
[SourceVersion "1"]
[SourceVersionDate "2010.11.26"]
[SourceQuality "1"]
[WhiteTeam "Luebeck"]
[BlackTeam "Rostock"]
[WhiteTeamCountry "GER"]
[BlackTeamCountry "GER"]

1. Nc3 d5 2. e3 Nf6 3. f4 g6 4. Nf3 Bg7 5. Be2 0-0 6. 0-0 c5 7. d3 Nc6 8. Qe1 d4 9. exd4 cxd4 10. Ne4 Nd5 11. Qh4 e6 12. Qxd8 Rxd8 13. a3 b6 14. Bd2 Ba6 15. Rae1 Rac8 16. Bd1 Nce7 17. Ne5 Nf5 18. Rf2 Nde3 19. Bxe3 dxe3 20. Rff1 Nd4 21. Nc3 e2 22. Rxe2 Nxe2+ 23. Bxe2 Bxe5 24. fxe5 Rc5 25. d4 Rxc3 26. bxc3 Bxe2 27. Re1 Ba6 28. Kf2 Rc8 29. Re3 Rc4 0-1